| 000 | 00635nam a2200217Ia 4500 | ||
|---|---|---|---|
| 003 | GCL | ||
| 008 | 140319s9999 xx 000 0 ara d | ||
| 040 |
_aGCL / _cGCL |
||
| 082 | 0 | 4 |
_a350.101 _bس م |
| 100 | 1 | _aسليمان الطلحاوى | |
| 245 | 1 | 0 |
_aمبادىء علم الادارة العامة / _cسليمان الطلحاوى |
| 260 |
_a[S.N] : _bجامعة عين شمس ، _c1987 |
||
| 300 | _a632 ص | ||
| 490 | _a | ||
| 650 | 0 | 4 | _aالتخطيط الاقتصادى |
| 650 | 0 | 4 | _aالادارة |
| 650 | 0 | 4 | _aالادارة العامة |
| 650 | 0 | 4 | _aتطوير |
| 650 | 0 | 4 | _aالافراد |
| 942 |
_2ddc _cBK |
||
| 999 |
_c55626 _d55626 |
||